[Event "Washington op Premier"]
[Site "Seattle"]
[Date "2007.05.27"]
[Round "4"]
[White "Xing, Kerry"]
[Black "Opalewski, Brian"]
[Result "1-0"]
[WhiteElo "1762"]
[BlackElo "1804"]
[PlyCount "73"]
[EventDate "2007.05.26"]
[EventType "swiss"]
[EventRounds "6"]
[EventCountry "USA"]
[SourceTitle "EXT 2017"]
[Source "ChessBase"]
[SourceDate "2016.10.25"]
[SourceVersion "1"]
[SourceVersionDate "2016.10.25"]
[SourceQuality "1"]

1. d4 Nf6 2. c4 e6 3. Nc3 Bb4 4. Qc2 Nc6 5. Nf3 d6 6. Bd2 0-0 7. e3 Qe7 8. Be2 e5 9. d5 Nb8 10. e4 Na6 11. a3 Bxc3 12. Bxc3 Nc5 13. Nd2 a5 14. 0-0-0 Bd7 15. Rdg1 Ba4 16. b3 Bd7 17. g4 a4 18. b4 Nb3+ 19. Kb1 Nd4 20. Qd1 b5 21. g5 Ne8 22. h4 f5 23. gxf6 Nxf6 24. Rg5 Nxe2 25. Qxe2 Kh8 26. Rhg1 Rf7 27. h5 Rb8 28. Nf3 Rbf8 29. Nh4 Ng4 30. R5xg4 Rxf2 31. Qd1 Bxg4 32. Qxg4 R2f4 33. Qg3 Rxh4 34. Bd2 Rxh5 35. Bg5 Rxg5 36. Qxg5 Rf1+ 37. Rxf1 1-0

[Event "Washington op Premier"]
[Site "Seattle"]
[Date "2007.05.26"]
[Round "1"]
[White "Opalewski, Brian"]
[Black "Omori, Michael"]
[Result "1-0"]
[WhiteElo "1804"]
[BlackElo "1687"]
[PlyCount "57"]
[EventDate "2007.05.26"]
[EventType "swiss"]
[EventRounds "6"]
[EventCountry "USA"]
[SourceTitle "EXT 2017"]
[Source "ChessBase"]
[SourceDate "2016.10.25"]
[SourceVersion "1"]
[SourceVersionDate "2016.10.25"]
[SourceQuality "1"]

1. Nf3 Nf6 2. c4 g6 3. b4 Bg7 4. Bb2 0-0 5. g3 d6 6. Bg2 e5 7. d3 Nc6 8. b5 Ne7 9. 0-0 Nd7 10. Qc2 f5 11. Nbd2 Rb8 12. a4 b6 13. a5 f4 14. axb6 axb6 15. Ng5 Nc5 16. Nde4 h6 17. Nxc5 bxc5 18. Ne4 g5 19. Bc3 Qe8 20. Ra7 Qh5 21. Rxc7 Ng6 22. Nxd6 Bh3 23. Bf3 g4 24. Bd5+ Kh8 25. Ra1 f3 26. Raa7 Rg8 27. Nf7+ Kh7 28. Nxe5 Nxe5 29. Bxe5 1-0

[Event "Washington Class-ch A"]
[Site "Seattle"]
[Date "2006.11.25"]
[Round "4"]
[White "Opalewski, Brian"]
[Black "May, Andy P"]
[Result "0-1"]
[WhiteElo "1726"]
[BlackElo "1952"]
[PlyCount "87"]
[EventDate "2006.11.24"]
[EventType "swiss"]
[EventRounds "6"]
[EventCountry "USA"]
[SourceTitle "EXT 2017"]
[Source "ChessBase"]
[SourceDate "2016.10.25"]
[SourceVersion "1"]
[SourceVersionDate "2016.10.25"]
[SourceQuality "1"]

1. Nf3 Nf6 2. c4 e6 3. g3 b6 4. Bg2 Bb7 5. 0-0 Be7 6. b3 0-0 7. Bb2 c5 8. Nc3 d5 9. e3 dxc4 10. bxc4 Nc6 11. Qe2 Rc8 12. Rfd1 Qc7 13. Nb5 Qb8 14. d3 Rfd8 15. h3 Rd7 16. d4 a6 17. Nc3 cxd4 18. exd4 Na5 19. Ne5 Rdc7 20. d5 Nxc4 21. Nxc4 Rxc4 22. Rac1 e5 23. Bf1 Rd4 24. Rxd4 exd4 25. Qxe7 dxc3 26. Bxc3 Nxd5 27. Qe1 Nxc3 28. Rxc3 Rxc3 29. Qxc3 Qd6 30. Bg2 Bxg2 31. Kxg2 Qb8 32. a4 b5 33. Qb4 g6 34. g4 Qb7+ 35. f3 h6 36. Kh2 Qc7+ 37. Kg2 Qc2+ 38. Kg3 Qxa4 39. Qe7 Qd4 40. Qe8+ Kg7 41. Qc6 b4 42. Qxa6 b3 43. Qb5 b2 44. Kg2 0-1